Statistics for House of Windsor Family Tree

Click here to take the quiz!

General Stats

  • This quiz has been taken 105 times
  • The average score is 42 of 53

Answer Stats

Answer % Correct
{George} Windsor, Earl of St Andrews
100%
Queen {Elizabeth} II
100%
Prince {Harry}, Duke of Gloucester
100%
{Henry} Lascelles, 6th Earl of Harewood
100%
{George} Lascelles, 7th Earl of Harewood
100%
Prince {George}, Duke of Kent
100%
Prince {George} of Cambridge
100%
King {George} VI
100%
King {George} V
100%
{Elizabeth} Bowes-Lyons, the Queen Mother
100%
Prince {Harry}, Duke of Sussex
100%
Prince {William}, Duke of Cambridge
100%
Prince {William} of Gloucester
100%
King {Edward} VIII, Duke of Windsor
98%
{Diana}, Princess of Wales
98%
Prince {Andrew}, Duke of York
98%
Prince {Edward}, Duke of Kent
98%
Prince {Edward}, Earl of Wessex
98%
Princess {Anne}, Princess Royal
98%
Prince {Charles}, Prince of Wales
96%
Princess {Charlotte} of Cambridge
93%
{Camilla}, Duchess of Cornwall
93%
{Catherine}, Duchess of Cambridge
93%
{Sarah} Ferguson, Duchess of York
91%
Lady {Sarah} Chatto
91%
{Meghan}, Duchess of Sussex
89%
Prince {Louis} of Cambridge
89%
Princess {Beatrice} of York
88%
Princess {Margaret}, Countess of Snowdon
88%
{Katharine}, Duchess of Kent
88%
Prince {Philip}, Duke of Edinburgh
82%
{Zara} Tindall
82%
Princess {Eugenie} of York
81%
{Archie} Mountbatten-Windsor
81%
{Wallis} Simpson, Duchess of Windsor
77%
{Mary} of Teck, Queen Consort
77%
{Mark} Phillips
74%
{Peter} Phillips
70%
Prince {Michael} of Kent
68%
{James}, Viscount Severn
68%
{David} Amstrong-Jones, 2nd Earl of Snowdon
67%
{Sophie}, Countess of Wessex
65%
{Louise} Windsor
60%
Sir {Timothy} Laurence
60%
{Anthony} Amstrong-Jones, 1st Earl of Snowdon
58%
Prince {John}
49%
Prince {Richard}, Duke of Gloucester
46%
Princess {Alexandra}, Lady Ogilvy
44%
Lady {Alice} Montegu, Duchess of Gloucester
42%
Princess {Marina}, Duchess of Kent
39%
{Alexander} Windsor, Earl of Ulster
30%
{Birgitte}, Duchess of Gloucester
16%
{Gerald} David Lascelles
5%

Score Distribution

Percentile by Number Answered

Percent of People with Each Score

Your Score History

You have not taken this quiz